Hit And Run - Lana Del Rey (Lyrics) - Statistics

General Stats
  • This quiz has been taken 3 times
  • The average score is 137 of 272
Answer Stats
Answer % Correct
a
100%
and
67%
Baby,
67%
be
67%
business
67%
for
67%
Hit
67%
hit
67%
"Hollywood
67%
I'm
67%
in
67%
interview
67%
it
67%
L.
67%
Let's
67%
little
67%
me,
67%
me
67%
money
67%
my
67%
New
67%
of
67%
off
67%
on
67%
queen
67%
run
67%
soldier
67%
spree
67%
stage,
67%
suit
67%
Take
67%
taking
67%
the
67%
yeah
67%
York,
67%
you
67%
You
67%
your
67%
believe
33%
boy,
33%
is
33%
It's
33%
know
33%
Lamborghini
33%
major
33%
mister
33%
Oh
33%
oh
33%
over
33%
Pick
33%
singing
33%
technology
33%
Then
33%
there's
33%
this
33%
up
33%
wanna
33%
watch
33%
Watching
33%
wa-watching
33%
while
33%
white
33%
world
33%
world"
33%
across
0%
back,
0%
call
0%
competing
0%
creator
0%
deadly
0%
deadly,
0%
Del
0%
Eyeing
0%
free
0%
from
0%
girl
0%
Glamorous
0%
god,
0%
Hail
0%
He's
0%
industry
0%
Keep
0%
king
0%
lap
0%
London
0%
mean
0%
no
0%
Nothing's
0%
one
0%
out
0%
players
0%
Rey
0%
room
0%
Sitting
0%
stars
0%
Together
0%
town,
0%
we'd
0%
(yay)
0%
you'll
0%
No matching quizzes found
Score Distribution
Percent of People with Each Score
Percentile by Number Answered
Your Score History
You have not taken this quiz